|
|
|
|
| LEADER |
01438nam a22003375i 4500 |
| 001 |
40975 |
| 003 |
BD-DhAAL |
| 005 |
20230222190158.0 |
| 008 |
230222t2022 inua 001 0 eng |
| 010 |
|
|
|a 2022932106
|
| 020 |
|
|
|a 9781119864585
|
| 020 |
|
|
|z 9781119864608
|
| 020 |
|
|
|z 9781119864592
|
| 040 |
|
|
|a DLC
|b eng
|e rda
|c DLC
|d BD-DhAAL
|
| 042 |
|
|
|a pcc
|
| 082 |
|
|
|a 005.133
|2 23
|
| 100 |
1 |
|
|a O'Shea, Audrey,
|e author.
|9 53711
|
| 245 |
1 |
0 |
|a OCP Oracle Certified Professional Java SE 17 Developer Study Guide :
|b exam 1z0-829 /
|c Audrey O'Shea and Jeff T. Parker.
|
| 260 |
|
|
|a Indianapolis :
|b John Wiley and sons,
|c c2022.
|
| 300 |
|
|
|a lxiii, 990 pages :
|b illustrations ;
|c 23 cm.
|
| 500 |
|
|
|a Includes index.
|
| 526 |
|
|
|a CSE
|
| 541 |
|
|
|a Karim International
|e 40975, 40976
|
| 650 |
|
|
|a Java (Computer program language)
|x Examinations
|v Study guides.
|
| 650 |
|
|
|a Computer science.
|
| 700 |
1 |
|
|a Parker, Jeff T.,
|e author.
|9 53712
|
| 852 |
|
|
|a Ayesha Abed Library
|c General Stacks
|
| 942 |
|
|
|2 ddc
|c BK
|
| 999 |
|
|
|c 45047
|d 45047
|
| 952 |
|
|
|0 0
|1 0
|2 ddc
|4 0
|6 005_133000000000000_OSH
|7 0
|9 73031
|a BRACUL
|b BRACUL
|c GEN
|d 2023-01-22
|e Karim International
|g 7140.00
|l 3
|m 22
|o 005.133 OSH
|p 3010040975
|r 2025-08-18
|s 2025-06-29
|t 1
|v 7140.00
|w 2023-01-22
|y BK
|
| 952 |
|
|
|0 0
|1 0
|2 ddc
|4 0
|6 005_133000000000000_OSH
|7 0
|9 73032
|a BRACUL
|b BRACUL
|c GEN
|d 2023-01-22
|e Karim International
|g 7140.00
|l 0
|o 005.133 OSH
|p 3010040976
|r 2023-01-22
|t 2
|v 7140.00
|w 2023-01-22
|y BK
|